[Event "Premijer  Liga Crne Gore u sahu za 2015."]
[Site "Bar"]
[Date "2015.09.30"]
[Round "5.2"]
[White "Milanovic, Danilo"]
[Black "Blagojevic, Dragisa"]
[Result "1-0"]
[WhiteElo "2462"]
[BlackElo "2486"]
[PlyCount "139"]
[EventDate "2015.09.26"]

1. d4 d5 2. c4 e6 3. Nc3 c6 4. e3 Nf6 5. Bd2 Nbd7 6. Rc1 Bd6 7. cxd5 exd5 8.
Bd3 O-O 9. Nge2 Re8 10. f3 Nf8 11. O-O Ne6 12. Be1 Ng5 13. Qd2 b6 14. Bg3 Bb7
15. Bxd6 Qxd6 16. Ng3 Ne6 17. Qf2 Qd7 18. Rcd1 c5 19. dxc5 bxc5 20. Bc4 Nc7 21.
Nge4 Qe7 22. Nxf6+ Qxf6 23. Nxd5 Bxd5 24. Bxd5 Nxd5 25. Rxd5 Rab8 26. b3 c4 27.
bxc4 Qc3 28. Qd2 Qxe3+ 29. Qxe3 Rxe3 30. Rc1 Kf8 31. Rc2 Ke7 32. Kf2 Re6 33. c5
Rd8 34. Rg5 g6 35. Rg4 Rd5 36. Rb4 Rc6 37. Rb7+ Kf6 38. Rb5 h5 39. Kg3 g5 40.
h4 Kg6 41. hxg5 Kxg5 42. Rb7 Rdxc5 43. Rxc5+ Rxc5 44. Rxa7 Rc2 45. Ra5+ Kg6 46.
a4 Ra2 47. Kh3 Kg7 48. Kh4 Kf6 49. Ra6+ Kg7 50. Ra5 Kf6 51. Ra6+ Kg7 52. Kh3
Kh7 53. Ra8 Kg6 54. Ra5 Kg7 55. f4 Kf6 56. g3 Kg6 57. Rg5+ Kh6 58. a5 f6 59.
Rb5 Kg6 60. g4 hxg4+ 61. Kxg4 Ra4 62. Rd5 Ra3 63. f5+ Kh6 64. Kf4 Ra4+ 65. Ke3
Kg5 66. Kd3 Ra1 67. Kc4 Kf4 68. Kb5 Ke4 69. Kc6 Rh1 70. Rb5 1-0

[Event "Premijer  Liga Crne Gore u sahu za 2015."]
[Site "Bar"]
[Date "2015.09.30"]
[Round "5.2"]
[White "Potpara, Nikola"]
[Black "Tadic, Branko"]
[Result "1/2-1/2"]
[WhiteElo "2406"]
[BlackElo "2488"]
[PlyCount "132"]
[EventDate "2015.09.26"]

1. d4 Nf6 2. c4 e6 3. Nf3 b6 4. g3 Bb7 5. Bg2 Be7 6. O-O O-O 7. Nc3 Na6 8. d5
Bb4 9. Bd2 Nc5 10. Nh4 Re8 11. Rc1 a5 12. Nb5 Bxd2 13. Qxd2 exd5 14. cxd5 Bxd5
15. Nxc7 Qxc7 16. Bxd5 Nxd5 17. Qxd5 Qc6 18. Qd2 Re4 19. Rc2 Rae8 20. Ng2 h5
21. e3 Qe6 22. f3 Rb4 23. b3 g5 24. e4 Qe5 25. Ne3 Rd4 26. Qg2 g4 27. Nf5 Rd3
28. fxg4 hxg4 29. Nh6+ Kg7 30. Nxg4 Qxe4 31. Qxe4 Nxe4 32. Re1 f5 33. Nf2 Rd5
34. Rce2 Rde5 35. Nd3 Rd5 36. Nf2 Rde5 37. Nd3 Rd5 38. Nf4 Rd4 39. Rc1 Kf7 40.
Kg2 Rg8 41. Rc7 Nc5 42. Kf3 Kf6 43. Kf2 Ra8 44. Ke1 Rh8 45. Kf1 Kf7 46. Kg2 Kf6
47. Kf3 Ra8 48. Rc2 Ke7 49. R7xc5 bxc5 50. Rxc5 Rd2 51. a4 Rb8 52. Rxf5 Rxb3+
53. Kg4 Rxh2 54. Rxa5 Ra2 55. Re5+ Kd6 56. Rd5+ Kc6 57. Rd4 Rba3 58. Rc4+ Kb7
59. Rd4 Kc6 60. Rc4+ Kd6 61. Rd4+ Ke7 62. Nd5+ Kd8 63. Nb6 Rg2 64. Rxd7+ Ke8
65. Rd5 Rgxg3+ 66. Kf4 Rg1 1/2-1/2

[Event "Premijer  Liga Crne Gore u sahu za 2015."]
[Site "Bar"]
[Date "2015.09.30"]
[Round "5.2"]
[White "Benderac, Srdjan"]
[Black "Milanovic, Slavisa"]
[Result "0-1"]
[WhiteElo "2296"]
[BlackElo "2381"]
[PlyCount "88"]
[EventDate "2015.09.26"]

1. e4 e6 2. d4 d5 3. Nc3 Bb4 4. e5 c5 5. a3 Bxc3+ 6. bxc3 Ne7 7. Nf3 Qa5 8. Bd2
Nbc6 9. a4 Bd7 10. Be2 c4 11. Ng5 h6 12. Nh3 O-O-O 13. Nf4 f6 14. exf6 gxf6 15.
Nh5 Rdf8 16. O-O e5 17. Qe1 Nf5 18. Bg4 Rhg8 19. Bxf5 Bxf5 20. Bxh6 Rf7 21. Qd2
exd4 22. Qf4 Bxc2 23. Nxf6 Qd8 24. Bg5 Rxg5 25. Qxg5 Qxf6 26. Qxd5 Bd3 27. cxd4
Nxd4 28. Rfe1 Qxf2+ 29. Kh1 Ne2 30. Qe6+ Kc7 31. Qe5+ Kd7 32. Rad1 Re7 33. Qb8
Qb6 34. Rf1 Qc7 35. Qg8 Qe5 36. Rf8 Qe6 37. Qh8 Kc7 38. Qh4 Qd6 39. Rf6 Qe5 40.
Rh6 Nd4 41. Rh5 Qe3 42. h3 Nc6 43. Rh6 Rf7 44. Re1 Qxe1+ 0-1

[Event "Premijer  Liga Crne Gore u sahu za 2015."]
[Site "Bar"]
[Date "2015.09.30"]
[Round "5.2"]
[White "Rajkovic, Dusan"]
[Black "Tomic, Aleksandar"]
[Result "1/2-1/2"]
[WhiteElo "2367"]
[BlackElo "2298"]
[PlyCount "146"]
[EventDate "2015.09.26"]

1. d4 Nf6 2. c4 e6 3. Nf3 Bb4+ 4. Bd2 Qe7 5. g3 O-O 6. Nc3 c5 7. a3 Bxc3 8.
Bxc3 Ne4 9. Rc1 b6 10. Bg2 Bb7 11. O-O d5 12. cxd5 Bxd5 13. dxc5 bxc5 14. Qc2
Qb7 15. b4 Nxc3 16. Qxc3 cxb4 17. Qxb4 Na6 18. Qxb7 Bxb7 19. Nd4 Bxg2 20. Kxg2
Rfc8 21. Nc6 Kf8 22. Rfd1 Rc7 23. Nd4 Rac8 24. Rxc7 Rxc7 25. Nb5 Rb7 26. Rd8+
Ke7 27. Ra8 Rxb5 28. Rxa7+ Kf6 29. Rxa6 Rb2 30. Kf3 Rb3+ 31. Ke4 g5 32. h3 h5
33. Ra8 Rb2 34. Kd3 h4 35. gxh4 gxh4 36. Rc8 Ra2 37. Rc3 e5 38. Ke3 Kf5 39. Kf3
Kg5 40. Ke3 Kf5 41. Rb3 Kg5 42. Kf3 f5 43. Ke3 Ra1 44. f3 Ra2 45. Kf2 Kf4 46.
Rb4+ e4 47. fxe4 fxe4 48. Ra4 Rb2 49. Rb4 Ra2 50. a4 Ra3 51. Rb8 Rxh3 52. Rf8+
Kg4 53. Rg8+ Kf5 54. a5 Ra3 55. Ra8 Kg4 56. a6 Kh3 57. a7 Ra4 58. Ke3 Ra2 59.
Kf4 Ra4 60. e3 Kh2 61. Rh8 Rxa7 62. Rxh4+ Kg2 63. Rh5 Re7 64. Re5 Rf7+ 65. Kxe4
Kf2 66. Kd5 Kf3 67. e4 Rd7+ 68. Kc5 Kf4 69. Re8 Rd1 70. e5 Kf5 71. Kc6 Rd2 72.
e6 Kf6 73. e7 Re2 1/2-1/2

[Event "Premijer  Liga Crne Gore u sahu za 2015."]
[Site "Bar"]
[Date "2015.09.30"]
[Round "5.2"]
[White "Kisic, Bozidar"]
[Black "Raicevic, Momcilo"]
[Result "1-0"]
[WhiteElo "2173"]
[BlackElo "2368"]
[PlyCount "85"]
[EventDate "2015.09.26"]

1. d4 c6 2. c4 Nf6 3. Nf3 d5 4. Qc2 e6 5. g3 dxc4 6. Qxc4 b5 7. Qd3 Bb7 8. Bg2
Nbd7 9. O-O Be7 10. Bf4 O-O 11. Nbd2 Nd5 12. Nb3 Nxf4 13. gxf4 a5 14. Ne5 Nxe5
15. fxe5 b4 16. Rac1 Ba6 17. Qe3 Bb5 18. Nc5 Bg5 19. f4 Bh6 20. Nb7 Qb6 21. Nd6
Rad8 22. Rc5 f6 23. Qh3 f5 24. Qb3 Rfe8 25. Nxb5 cxb5 26. e3 Qa7 27. Rfc1 g6
28. Rc7 Qb8 29. Rb7 Rc8 30. Rd1 Qa8 31. Rg7+ Bxg7 32. Bxa8 Rxa8 33. d5 exd5 34.
Qxd5+ Kh8 35. Qxb5 g5 36. Kf2 gxf4 37. exf4 Reb8 38. Qd5 a4 39. e6 Bxb2 40. e7
Kg7 41. Qxf5 b3 42. e8=Q Rxe8 43. Rd7+ 1-0

[Event "Premijer  Liga Crne Gore u sahu za 2015."]
[Site "Bar"]
[Date "2015.09.30"]
[Round "5.2"]
[White "Krstonijevic, Stjepan"]
[Black "Lekic, Lazar"]
[Result "1/2-1/2"]
[WhiteElo "2134"]
[BlackElo "2037"]
[PlyCount "69"]
[EventDate "2015.09.26"]

1. e4 c5 2. Nf3 e6 3. b3 Nc6 4. Bb2 a6 5. g3 d5 6. exd5 exd5 7. Qe2+ Qe7 8.
Qxe7+ Ngxe7 9. Bg2 Bf5 10. d3 f6 11. Nh4 Be6 12. O-O Kf7 13. f4 d4 14. Ba3 b6
15. Nd2 Rd8 16. Rae1 Nd5 17. f5 Bc8 18. Bxd5+ Rxd5 19. Nc4 b5 20. Nb6 Rd8 21.
Nxc8 Rxc8 22. Re6 g6 23. Re4 Bd6 24. Re6 Be7 25. Re4 Rhe8 26. fxg6+ hxg6 27.
Nf3 f5 28. Re2 Bd6 29. Rfe1 Rxe2 30. Rxe2 Re8 31. Ng5+ Kf8 32. Nh7+ Kf7 33.
Ng5+ Kf8 34. Nh7+ Kf7 35. Ng5+ 1/2-1/2

[Event "Premijer  Liga Crne Gore u sahu za 2015."]
[Site "Bar"]
[Date "2015.09.30"]
[Round "5.3"]
[White "Ivanisevic, Ivan"]
[Black "Brenjo, Slavisa"]
[Result "1-0"]
[WhiteElo "2658"]
[BlackElo "2458"]
[PlyCount "61"]
[EventDate "2015.09.26"]

1. d4 Nf6 2. c4 g6 3. f3 Bg7 4. e4 d6 5. Ne2 c5 6. d5 O-O 7. Nec3 e6 8. Be2
exd5 9. cxd5 b6 10. O-O Ba6 11. Bg5 b5 12. Bxb5 Bxb5 13. Nxb5 Qb6 14. N1a3 a6
15. Nc3 Qxb2 16. Qc1 Qb4 17. Rb1 Qd4+ 18. Be3 Qe5 19. Nc4 Qe7 20. Bf4 Rd8 21.
e5 dxe5 22. Bxe5 Ne8 23. Bxg7 Kxg7 24. Re1 Qf6 25. Ne4 Qd4+ 26. Kh1 Kg8 27. Rd1
Qg7 28. Nb6 Ra7 29. d6 Nd7 30. Nd5 Kh8 31. Ne7 1-0

[Event "Premijer  Liga Crne Gore u sahu za 2015."]
[Site "Bar"]
[Date "2015.09.30"]
[Round "5.3"]
[White "Savic, Miodrag R"]
[Black "Markus, Robert"]
[Result "1/2-1/2"]
[WhiteElo "2503"]
[BlackElo "2621"]
[PlyCount "23"]
[EventDate "2015.09.26"]

1. e4 e6 2. d4 d5 3. Nd2 a6 4. Ngf3 c5 5. dxc5 Bxc5 6. Bd3 Nc6 7. O-O Nge7 8.
a3 O-O 9. b4 Ba7 10. Bb2 Ng6 11. Nb3 Nf4 12. Re1 1/2-1/2

[Event "Premijer  Liga Crne Gore u sahu za 2015."]
[Site "Bar"]
[Date "2015.09.30"]
[Round "5.3"]
[White "Perosevic, Aleksandar"]
[Black "Kalezic, Blazo"]
[Result "0-1"]
[WhiteElo "2159"]
[BlackElo "2435"]
[PlyCount "52"]
[EventDate "2015.09.26"]

1. e4 e6 2. d4 d5 3. Nc3 Nf6 4. e5 Nfd7 5. f4 c5 6. Nf3 Nc6 7. Be3 cxd4 8. Nxd4
Bc5 9. Qd2 O-O 10. O-O-O a6 11. Kb1 Nxd4 12. Bxd4 b5 13. Ne2 a5 14. Ng3 Bxd4
15. Qxd4 b4 16. h4 Ba6 17. Bd3 Qc7 18. Rhe1 Rfc8 19. Rc1 Qc5 20. Ne2 g6 21. h5
a4 22. Rh1 b3 23. Bxa6 bxc2+ 24. Ka1 Rxa6 25. Qd3 Qc4 26. Qh3 Nc5 0-1

[Event "Premijer  Liga Crne Gore u sahu za 2015."]
[Site "Bar"]
[Date "2015.09.30"]
[Round "5.3"]
[White "Nikac, Predrag"]
[Black "Scepanovic, Dalibor"]
[Result "1-0"]
[WhiteElo "2249"]
[BlackElo "2074"]
[PlyCount "75"]
[EventDate "2015.09.26"]

1. e4 e5 2. Nf3 Nf6 3. Nc3 Bb4 4. Bc4 O-O 5. O-O Nc6 6. Nd5 d6 7. c3 Ba5 8. a4
Bb6 9. d3 h6 10. b4 a5 11. Nxb6 cxb6 12. b5 Ne7 13. d4 Nxe4 14. dxe5 d5 15. Bd3
Bg4 16. h3 Nxc3 17. Qb3 Bxf3 18. Qxc3 Be4 19. Bxe4 dxe4 20. Ba3 Nd5 21. Qd4 Nb4
22. Qxe4 Re8 23. Rad1 Qe7 24. f4 Qc5+ 25. Kh2 Qc3 26. Rf3 Qc2 27. Qxc2 Nxc2 28.
Rd7 Nxa3 29. Rxa3 Rac8 30. Rxb7 Rc4 31. Rxb6 Rxf4 32. Ra6 Rxe5 33. Rxa5 h5 34.
Rf3 Rb4 35. Ra7 f6 36. Rg3 Rg5 37. Rxg5 fxg5 38. Ra6 1-0

[Event "Premijer  Liga Crne Gore u sahu za 2015."]
[Site "Bar"]
[Date "2015.09.30"]
[Round "5.4"]
[White "Rapport, Richard"]
[Black "Bogosavljevic, Boban"]
[Result "1-0"]
[WhiteElo "2649"]
[BlackElo "2520"]
[PlyCount "35"]
[EventDate "2015.09.26"]

1. d4 d5 2. c4 c6 3. Nc3 Nf6 4. cxd5 cxd5 5. Bf4 Nc6 6. e3 a6 7. Bd3 Bg4 8.
Nge2 Bxe2 9. Qxe2 e6 10. O-O Be7 11. a3 O-O 12. Na4 Qa5 13. Qc2 Rfc8 14. Nc5
Qd8 15. Nxb7 Nxd4 16. exd4 Rxc2 17. Nxd8 Rxb2 18. Nc6 1-0

[Event "Premijer  Liga Crne Gore u sahu za 2015."]
[Site "Bar"]
[Date "2015.09.30"]
[Round "5.4"]
[White "Miljkovic, Miroslav D"]
[Black "Perunovic, Milos"]
[Result "1/2-1/2"]
[WhiteElo "2493"]
[BlackElo "2614"]
[PlyCount "24"]
[EventDate "2015.09.26"]

1. d4 Nf6 2. c4 e6 3. Nc3 Bb4 4. Qc2 c5 5. dxc5 O-O 6. a3 Bxc5 7. Nf3 Nc6 8.
Bg5 b6 9. Rd1 Be7 10. e4 Bb7 11. Be2 h6 12. Bh4 Nh5 1/2-1/2

[Event "Premijer  Liga Crne Gore u sahu za 2015."]
[Site "Bar"]
[Date "2015.09.30"]
[Round "5.4"]
[White "Kosic, Dragan"]
[Black "Miljanic, Boro"]
[Result "1/2-1/2"]
[WhiteElo "2468"]
[BlackElo "2378"]
[PlyCount "54"]
[EventDate "2015.09.26"]

1. d4 Nf6 2. Nf3 g6 3. Bg5 Bg7 4. Nbd2 O-O 5. e3 d5 6. Be2 Nbd7 7. O-O c5 8. c3
b6 9. a4 Bb7 10. a5 c4 11. b3 b5 12. bxc4 bxc4 13. Qa4 Rc8 14. h3 Ba6 15. Qa3
Re8 16. Rfd1 h6 17. Bf4 Bf8 18. Ne5 Nxe5 19. dxe5 e6 20. Qa2 Nd7 21. Bg3 Qc7
22. f4 Nc5 23. Qc2 Rb8 24. Nf3 Nb3 25. Ra2 Nc5 26. Nd4 Nb3 27. h4 Nc5 1/2-1/2

[Event "Premijer  Liga Crne Gore u sahu za 2015."]
[Site "Bar"]
[Date "2015.09.30"]
[Round "5.4"]
[White "Kontic, Djordjije"]
[Black "Ivanovic, Bozidar"]
[Result "1/2-1/2"]
[WhiteElo "2314"]
[BlackElo "2410"]
[PlyCount "59"]
[EventDate "2015.09.26"]

1. b3 e5 2. Bb2 Nc6 3. e3 Nf6 4. c4 Be7 5. a3 O-O 6. Qc2 d5 7. cxd5 Nxd5 8. Nf3
Qd6 9. d3 Bg4 10. Nbd2 Qe6 11. Be2 Rfd8 12. h3 Bh5 13. g4 Bg6 14. Ne4 f6 15.
Nh4 Bf7 16. Nf5 Bf8 17. Nc5 Bxc5 18. Qxc5 Nde7 19. b4 Nxf5 20. gxf5 Qxf5 21.
Rg1 Qe6 22. Qc3 a6 23. f4 Qxh3 24. Kd2 Qe6 25. Rg2 Rd6 26. f5 Qxf5 27. Bg4 Qe4
28. Rag1 Bg6 29. Be6+ Kh8 30. Rxg6 1/2-1/2

[Event "Premijer  Liga Crne Gore u sahu za 2015."]
[Site "Bar"]
[Date "2015.09.30"]
[Round "5.4"]
[White "Batricevic, Sasa"]
[Black "Milovic, Jovan"]
[Result "1-0"]
[WhiteElo "2253"]
[BlackElo "2338"]
[PlyCount "55"]
[EventDate "2015.09.26"]

1. e4 c5 2. Nf3 Nc6 3. Bb5 Nd4 4. Nxd4 cxd4 5. c3 Qb6 6. Ba4 Qg6 7. Qf3 d3 8.
O-O Nf6 9. Re1 e5 10. Qxd3 Nh5 11. Qf3 Bc5 12. d4 exd4 13. Qf5 Qxf5 14. exf5+
Kd8 15. cxd4 Bxd4 16. Nc3 a6 17. Bb3 Nf6 18. Bg5 b5 19. Rad1 Bxc3 20. bxc3 Bb7
21. Bxf7 Rc8 22. Rd3 Bc6 23. Bf4 Be4 24. Rg3 Bxf5 25. Rxg7 Rxc3 26. Bg5 Rc6 27.
Bd5 Rd6 28. Rf7 1-0

[Event "Premijer  Liga Crne Gore u sahu za 2015."]
[Site "Bar"]
[Date "2015.09.30"]
[Round "5.4"]
[White "Milovic, Aleksandra"]
[Black "Batricevic, Jovo"]
[Result "1-0"]
[WhiteElo "2194"]
[BlackElo "2156"]
[PlyCount "61"]
[EventDate "2015.09.26"]

1. e4 c5 2. Nf3 Nc6 3. d4 cxd4 4. Nxd4 Nf6 5. Nc3 e5 6. Ndb5 d6 7. Bg5 a6 8.
Na3 b5 9. Nd5 Be7 10. Bxf6 Bxf6 11. c3 Bg5 12. Nc2 Rb8 13. g3 O-O 14. h4 Bh6
15. Bg2 a5 16. a3 Be6 17. O-O Bxd5 18. Qxd5 Qb6 19. Rfd1 Rfd8 20. Bf1 Ne7 21.
Qd3 Qc5 22. b4 Qc7 23. bxa5 d5 24. Nb4 dxe4 25. Qxe4 Qxc3 26. a6 Rdc8 27. a7
Ra8 28. Qb7 Qc5 29. Rd7 Nf5 30. Rad1 Nd4 31. Nd5 1-0

[Event "Premijer  Liga Crne Gore u sahu za 2015."]
[Site "Bar"]
[Date "2015.09.30"]
[Round "5.5"]
[White "Arsovic, Zoran"]
[Black "Sedlak, Nikola"]
[Result "1/2-1/2"]
[WhiteElo "2421"]
[BlackElo "2549"]
[PlyCount "65"]
[EventDate "2015.09.26"]

1. Nf3 Nf6 2. c4 g6 3. Nc3 d5 4. cxd5 Nxd5 5. Qb3 Nb6 6. d4 Bg7 7. e4 O-O 8.
Be3 Bg4 9. a4 Bxf3 10. gxf3 Nc6 11. a5 Nd7 12. e5 b6 13. Qa4 Nxa5 14. f4 c5 15.
dxc5 Qc8 16. Bg2 Nxc5 17. Bxc5 Qxc5 18. Bxa8 Rxa8 19. O-O Nc4 20. Ne4 Qc8 21.
Ng3 Nd2 22. Rfd1 Nf3+ 23. Kg2 Nh4+ 24. Kh1 Qg4 25. Qe4 Rc8 26. Rac1 Rxc1 27.
Rxc1 Bh6 28. Ne2 Kg7 29. Rc3 Qd7 30. Rd3 Qc8 31. Rc3 Qd7 32. Rd3 Qc8 33. Rc3
1/2-1/2

[Event "Premijer  Liga Crne Gore u sahu za 2015."]
[Site "Bar"]
[Date "2015.09.30"]
[Round "5.5"]
[White "Drasko, Milan"]
[Black "Arsovic, Goran"]
[Result "1/2-1/2"]
[WhiteElo "2446"]
[BlackElo "2389"]
[PlyCount "31"]
[EventDate "2015.09.26"]

1. Nf3 Nf6 2. g3 g6 3. Bg2 Bg7 4. O-O O-O 5. d4 d6 6. c4 Nc6 7. Nc3 a6 8. Bd2
Bd7 9. Rc1 e5 10. dxe5 dxe5 11. Nd5 h6 12. Be3 Be6 13. Bc5 Re8 14. Nb4 Bd7 15.
Nd5 Be6 16. Nb4 1/2-1/2

[Event "Premijer  Liga Crne Gore u sahu za 2015."]
[Site "Bar"]
[Date "2015.09.30"]
[Round "5.5"]
[White "Vlatkovic, Milos"]
[Black "Lekic, Dusan"]
[Result "1/2-1/2"]
[WhiteElo "2333"]
[BlackElo "2377"]
[PlyCount "42"]
[EventDate "2015.09.26"]

1. d4 Nf6 2. c4 e6 3. Nc3 Bb4 4. Qc2 O-O 5. a3 Bxc3+ 6. Qxc3 d5 7. Bg5 c5 8.
dxc5 d4 9. Qd2 e5 10. Nf3 Re8 11. e3 Bg4 12. Be2 Nbd7 13. b4 a5 14. O-O d3 15.
Qxd3 e4 16. Qd4 exf3 17. gxf3 Bh5 18. Rad1 Qe7 19. Bf4 Qe6 20. Kg2 h6 21. Bg3
g5 1/2-1/2

[Event "Premijer  Liga Crne Gore u sahu za 2015."]
[Site "Bar"]
[Date "2015.09.30"]
[Round "5.5"]
[White "Draganic, Veljko"]
[Black "Geler, Aleksandar"]
[Result "1-0"]
[WhiteElo "2375"]
[BlackElo "2229"]
[PlyCount "89"]
[EventDate "2015.09.26"]

1. e4 e5 2. Nf3 Nc6 3. d4 exd4 4. Nxd4 Nf6 5. Nxc6 bxc6 6. e5 Nd5 7. c4 Nb6 8.
Bd3 Qh4 9. O-O Ba6 10. Nd2 h6 11. g3 Qe7 12. Qe2 d5 13. a4 Qe6 14. b3 Nd7 15.
cxd5 Bxd3 16. dxe6 Bxe2 17. exd7+ Kxd7 18. Re1 Bg4 19. Nc4 Rb8 20. Be3 a6 21.
Rec1 Bf3 22. e6+ Kxe6 23. Re1 Bb4 24. Ba7+ Bxe1 25. Rxe1+ Kf5 26. Bxb8 Rxb8 27.
Re3 Bd5 28. Na5 g5 29. f3 h5 30. Kf2 Rb4 31. Ke2 g4 32. f4 h4 33. Kd2 h3 34.
Re5+ Kf6 35. Kc3 Re4 36. Rxe4 Bxe4 37. Nc4 Ke6 38. Ne3 f5 39. Kd4 Bd5 40. b4
Bb3 41. a5 Bd5 42. Kc5 Bb3 43. Kxc6 Ba4+ 44. Kxc7 Bb5 45. Kb6 1-0

[Event "Premijer  Liga Crne Gore u sahu za 2015."]
[Site "Bar"]
[Date "2015.09.30"]
[Round "5.5"]
[White "Petijevic, Vaso"]
[Black "Todorovic, Jovan"]
[Result "1/2-1/2"]
[WhiteElo "2267"]
[BlackElo "2394"]
[PlyCount "93"]
[EventDate "2015.09.26"]

1. e4 c5 2. c3 e6 3. d4 d5 4. exd5 exd5 5. Be3 cxd4 6. Bxd4 Nc6 7. Nf3 Nxd4 8.
Nxd4 Nf6 9. Bb5+ Bd7 10. Qe2+ Qe7 11. Bxd7+ Kxd7 12. Qxe7+ Bxe7 13. Nd2 Bc5 14.
N2b3 Rhe8+ 15. Kd2 Ne4+ 16. Kc2 Bb6 17. Rhf1 g6 18. Rae1 Nd6 19. Rd1 Ne4 20.
Nf3 Nf6 21. Nc1 Re4 22. Rd2 Rae8 23. Nd3 a5 24. g3 Kc6 25. Rfd1 h6 26. Nf4 Rd8
27. Nd4+ Bxd4 28. Rxd4 Rxd4 29. Rxd4 Re8 30. Rd2 g5 31. Ne2 b5 32. Nd4+ Kc5 33.
Nb3+ Kb6 34. Nd4 Kc5 35. h3 Re1 36. Rd1 Re8 37. a3 a4 38. g4 h5 39. f3 hxg4 40.
fxg4 Re3 41. Rf1 Ne4 42. Rxf7 Rxh3 43. Rc7+ Kb6 44. Rd7 Rh2+ 45. Kc1 Rh1+ 46.
Kc2 Rh2+ 47. Kc1 1/2-1/2

[Event "Premijer  Liga Crne Gore u sahu za 2015."]
[Site "Bar"]
[Date "2015.09.30"]
[Round "5.5"]
[White "Popadic, Dragan"]
[Black "Maric, Bozo"]
[Result "1-0"]
[WhiteElo "2203"]
[BlackElo "2239"]
[PlyCount "96"]
[EventDate "2015.09.26"]

1. e4 c5 2. Nc3 a6 3. a4 Nc6 4. Bc4 e6 5. Nf3 Nf6 6. Qe2 Nd4 7. Nxd4 cxd4 8.
Nb1 d5 9. exd5 Nxd5 10. O-O Be7 11. d3 O-O 12. Nd2 b6 13. Nf3 Bf6 14. Qe4 Bb7
15. Nxd4 Qc7 16. Nf3 Rac8 17. Qe2 Nf4 18. Bxf4 Qxf4 19. c3 Rc5 20. Qd2 Qg4 21.
Ne1 Rh5 22. f3 Qg6 23. d4 Bg5 24. f4 Bd8 25. Be2 Rh6 26. Bf3 Bxf3 27. Nxf3 Qh5
28. g3 Bc7 29. Rae1 Rd8 30. Qe2 Qa5 31. Ra1 Rg6 32. Ne5 Bxe5 33. Qxe5 Qd5 34.
Qxd5 exd5 35. Rfe1 Kf8 36. Re5 Rgd6 37. Kf2 f6 38. Re3 Re8 39. Rae1 Rxe3 40.
Rxe3 b5 41. axb5 axb5 42. Ke2 Kf7 43. Kd2 g6 44. Kc2 Ra6 45. Re1 h5 46. h3 Ra4
47. Kb3 Rc4 48. Ra1 b4 1-0